000 00266nam a22001217a 4500
040 _cSK
082 _a338
100 _aសុក គន្ធី
245 _aThe logical framework approach (LFA)
260 _aNORAD
_bសុក
_cNA
300 _a109p.
942 _cEK
999 _c8813
_d8813